| 000 | 00423nam a2200157 4500 | ||
|---|---|---|---|
| 020 | _a8121917794 | ||
| 082 | _a621.381735 SAR | ||
| 100 | _aSarkar, Subir Kumar | ||
| 245 | _aOperational Amplifiers and their applications | ||
| 250 | _aRevides ed. | ||
| 260 |
_aNew Delhi, India _bS. Chand & Co. Ltd. _c1999 |
||
| 300 |
_axi, 402 p. _bill. ; |
||
| 500 | _aIncludes index. | ||
| 650 | _aOperational amplifiers. | ||
| 942 | _cBK | ||
| 999 |
_c12361 _d12361 |
||